LEADER 00662nam a2200181 i 4500 001 000000250613 003 CaOOAMICUS 005 20230731152653.0 008 160811s1952 it u000 u ita u 040 $aSeMil$bita 245 10$aVol. 5. 300 $aXVI, 617 p. ;$c23 cm 773 0 $aToniolo, Giuseppe $tTrattato di economia sociale e scritti economici.$w()33308 850 $aSeMil 852 $aSeMil$W1$xVenegono$y1$m3M VI 127$j200959$B200959$CSeMilBibl$Z2$F212742 $81 852 $aSeMil$W1$xVenegono$y1$m3N IV 9$j242550$B246081$CSeMilBibl$Z2$F246081 $81 996 $6245$aVol. 5$9(OLS)http://semarc/title/108696 LEADER 00874nam a2200193 i 4500 001 000000242001 003 CaOOAMICUS 005 20150525000000.0 008 150525s1837 it u000 u ita u 013 $a220906 040 $aSeMil$bita 100 1 $aBourdaloue, Louis,$c.$0(OLS)http://semarc/name/5823 245 10$aOrazioni funebri e discorsi per vestizioni /$cdel padre L. Bourdaloue ; nuova traduzione italiana del sacerdote Angelo Peri. 300 $a337 p. 700 1 $aPeri, Angelo.$0(OLS)http://semarc/name/14724 773 0 $aBourdaloue, Louis $tOpere complete di Bourdaloue.$dCremona : presso Luigi De Micheli, 1833-1838.$g27$w()31918 850 $aSeMil 852 $aSeMil$W1$xVenegono$y1$m3F I 429 FA$j192347$B192347$CSeMilBibl$Z2$F203168 $8I 996 $6245$aOrazioni funebri e discorsi per vestizioni$9(OLS)http://semarc/title/343789